| 000 | 00727nam0a22002411 4500 | ||
|---|---|---|---|
| 001 | rc\3035252 | ||
| 005 | 20111004141742.4 | ||
| 035 | _a(NLR Aleph) 007175916 | ||
| 090 |
_a7393053 _c7393053 |
||
| 100 | _a20111004d1936 |||y0rusy50 ca | ||
| 101 | 0 | _arus | |
| 102 | _aRU | ||
| 105 | _aa z ||||| | ||
| 200 | 1 | _aНа Шексне и Мологе | |
| 210 |
_aМосква _aЛенинград _cБ. и. _d[1936] |
||
| 215 |
_aС. 95-105 _cил. |
||
| 300 | _aВ кн.: Экспедиции Академии наук СССР 1934 год. М.-Л., 1936, с. 95-105 с ил. | ||
| 700 | 1 |
_aТемноев _bН. И. |
|
| 801 | 0 |
_aRU _bNLR _gpsbo |
|
| 801 | 1 |
_aRU _bELAR _2rusmarc |
|
| 852 |
_aNLR _j36-5/41 |
||
| 942 | _cBOOK | ||
| 980 | _aNB | ||